000 00913nam a2200265Ia 4500
003 OSt
005 20220930072802.0
006 a|||||r|||| 00| 0
007 ta
008 220926b |||||||| |||| 00| 0 eng d
024 _a24942
037 _cTheses
040 _aCRL
_cCRL
_beng
041 _2eng
_aeng
100 _aSuhasini Chandra
_9530431
110 _aUniversity of Delhi. Faculty of Medical Sciences. Department of Obstetrics and Gynaecology
245 0 _aValue of middle cerebral artery to umbilical artery ratio by doppler velocimetry in postdate pregnancies
260 _c1998
300 _a140p.
_ap.
_ccm.
650 _aWOMEN - DISEASES
700 _a Dr Usha Gupta Supervisor
_9530025
700 _aUniversity of Delhi. Faculty of Medical Sciences. Department of Obstetrics and Gynaecology
942 _cDIS
_2CC
999 _c864315
_d864315